00155nam a2200073Ia 4500008004100000082000800041100001300049245001900062240331s9999 xx 000 0 und d bKRI aKrithiga 0aPudhia konangi